000 00635nam a22002057a 4500
005 20250926154641.0
010 _aENG-146875
020 _a9789369587742
_c799.00
035 _aEN-130407
037 _bDBAD
082 _21
_a621
100 _aShivam Gupta
_985240
245 _aComplete Hand Written Book Mechanical Engineering/
_cShivam Gupta
250 _a1
260 _aUttar Pradesh
_bS. Chand Publishing
_c2025
270 _aD-92, Sector-2, Noida
_bUttar Pradesh
_e201301
_k61-120-4682700
300 _a402p.
_c21cm(pb)
500 _afor All AE/JE & PSU Engineering Exams
942 _2ddc
_cEN
_mGUP
_h621
999 _c213482
_d213482